[Event "7th RTU Open 2017"]
[Site "Riga"]
[Date "2017.08.09"]
[Round "4"]
[White "Wan, Yunguo"]
[Black "Bruedigam, Martin"]
[Result "1-0"]
[WhiteElo "2482"]
[BlackElo "2408"]
[Annotator "TA"]
[PlyCount "119"]
[EventDate "2017.??.??"]
[EventType "swiss"]
[EventCountry "LAT"]
[SourceTitle "playchess.com"]
[Source "ChessBase"]
[SourceQuality "1"]

{[%evp 25,119,-10,23,-12,-15,-22,-14,-15,-14,-4,0,0,0,-11,0,-1,27,25,30,20,22,20,23,23,51,57,107,95,65,80,107,51,54,39,41,39,33,16,22,19,14,12,18,18,18,16,19,0,0,-21,29,0,0,0,0,0,0,0,0,0,0,-47,-37,-57,0,0,0,0,14,0,0,0,0,0,0,0,0,0,249,0,0,0,53,57,110,110,116,109,107,70,879,867,739,670,29988,729]} 1. e4 e5 2. Nf3 Nc6 3. Bb5 a6 4. Ba4 Nf6 {[%cal Bg8f6,Bf6d7,Bd7c5][%mdl 32]} 5. O-O Be7 6. Bxc6 dxc6 7. d3 Nd7 8. Nbd2 O-O 9. Nc4 f6 10. Nh4 Nc5 11. Nf5 Kh8 {C85: Closed Ruy Lopez: Deferred Exchange Variation} (11... Bxf5 12. exf5 Re8 13. Qg4 Qd7 14. Re1 b5 15. Bh6 Bf8 16. Nd2 Qd4 17. Qxd4 exd4 18. Bf4 Na4 19. Nf3 Rxe1+ 20. Rxe1 {½-½ (74) Jovanovic,Z (2533)-Bosiocic,M (2610) Valpovo 2017}) 12. Qf3 Ne6 13. Qg3 Rf7 {LiveBook: 6 Games. The position is equal.} 14. Kh1 Bf8 15. a4 c5 $146 ({Find the theoretical novelty and annotate with similar games:} 15... b6 16. f3 Bd7 17. Qf2 Be8 18. f4 b5 19. Na5 {½-½ (31) Schreiner,P (2463)-Mahdy,K (2380) Vienna 2014}) 16. h3 Bd7 17. a5 Qe8 18. b3 $40 {[%mdl 128] White mounts an attack.} Rd8 19. Bd2 Bc8 20. Rae1 Qc6 (20... g6 $5 {[%cal Rg6f5]} 21. Nfe3 Kg8 $11) 21. f4 exf4 22. Bxf4 Nxf4 23. Rxf4 Re8 24. Ref1 g6 25. Nfe3 Bh6 26. R4f3 Bxe3 27. Nxe3 Ref8 28. Qe1 (28. h4 $16) 28... Qd6 29. Nc4 Qd4 30. Rf4 {Strongly threatening e5.} Be6 31. Ne3 Qe5 32. b4 Kg7 33. Qd2 Rd8 34. bxc5 Qxc5 35. h4 Qe5 36. Qb4 c5 37. Qe1 Qd4 38. e5 (38. Nf5+ $5 Bxf5 39. exf5 $14) 38... Qxe5 39. Re4 Qd6 {[#]} 40. Rxe6 $1 {[%mdl 512]} Qxe6 {[#]} 41. Nf5+ $1 {[%mdl 512]} Qxf5 $1 (41... gxf5 42. Qxe6) 42. Rxf5 gxf5 $11 {[%mdl 4096] Endgame KQ-KRR} 43. Qe6 Rd4 44. g3 {[#]} f4 (44... c4 $1 $15) 45. Qg4+ Kf8 46. Qf5 Ra4 47. h5 fxg3 48. Kg2 Ra1 49. h6 {Hoping for Qc8+.} Rb1 50. Qc8+ Ke7 51. Qxc5+ Ke8 $2 (51... Kd8 $11 {and Black is okay.}) 52. d4 $2 ({Not} 52. Kxg3 Re7 $11) ({Only move:} 52. Qc8+ $18 Ke7 53. d4 (53. Kxg3 Kd6 $16)) 52... Re7 53. d5 {[%cal Bd4d5,Bd5d6,Bd6d7][%mdl 32] Threatens to win with d6.} Re2+ (53... Rbe1 $1 $11) 54. Kxg3 $14 {Qc8+ is the strong threat.} Rbe1 (54... Re5 $1 $14) 55. Qc8+ $16 Kf7 56. Qxb7+ Kg6 57. d6 ({Don't do} 57. Qxa6 Kg5 $18) 57... Rxc2 $2 {[%mdl 8192]} (57... Kxh6 $14 58. Qxa6 Re6) 58. Qg7+ $18 Kh5 59. d7 Rd2 60. Qg4+ {Precision: White = 66%, Black = 49%.} 1-0

[Event "7th RTU Open 2017"]
[Site "Riga"]
[Date "2017.08.09"]
[Round "4"]
[White "Pavlov, Sergey"]
[Black "Sreeves, Clement"]
[Result "1-0"]
[WhiteElo "2475"]
[BlackElo "2406"]
[Annotator "TA"]
[PlyCount "65"]
[EventDate "2017.??.??"]
[EventType "swiss"]
[EventCountry "LAT"]
[SourceTitle "playchess.com"]
[Source "ChessBase"]
[SourceQuality "1"]

{[%evp 20,65,24,16,24,14,15,-11,-3,-14,-8,-22,-7,-17,0,-7,-17,-6,-12,-15,0,0,77,65,93,71,141,138,209,222,216,213,259,255,236,230,272,252,383,383,383,381,634,614,665,664,664,653]} 1. c4 Nf6 2. Nc3 c5 3. Nf3 e6 4. d4 cxd4 5. Nxd4 Bb4 6. g3 O-O 7. Bg2 d5 8. cxd5 Nxd5 9. Qb3 Nc6 10. Nxc6 bxc6 11. O-O Rb8 {E20: Nimzo-Indian: 4 g3 and 4 f3} (11... Qa5 12. Ne4 Ba6 13. Qc2 Rfc8 14. Rd1 h6 15. Bf3 Be7 16. Bd2 Qb6 17. Nc3 Rab8 18. b3 Rd8 19. Na4 Qb5 {1-0 (43) Yu,Y (2734)-Zhao,J (2622) Wuxi 2016}) 12. Qc2 Ba6 13. Ne4 Be7 {The position is equal.} 14. a3 Qb6 15. Re1 c5 $146 ({Predecessor:} 15... Rfc8 16. Nd2 Bc5 17. Ne4 Be7 18. Nd2 Bc5 19. Ne4 Be7 {½-½ (19) Skytte,R (2409)-Groszpeter,A (2449) Kecskemet 2015}) 16. Nd2 Bf6 17. e4 Nc7 $1 18. e5 $36 {[%mdl 2048] White has good play.} Be7 19. Nc4 Bxc4 $1 20. Qxc4 Nb5 {[#]} (20... Rfd8 $11) 21. Be3 $1 $16 Nd4 {[#]} 22. b4 $1 {[%cal Bb2b4,Bb4c5,Bc5c6][%mdl 544] Hoping for bxc5.} Qb5 {[#]} ({Better is} 22... g6) (22... cxb4 23. Bxd4) 23. Rac1 $1 Rfc8 (23... Qxc4 $16 {was called for.} 24. Rxc4 Rfc8) 24. Qxb5 $18 Nxb5 25. bxc5 Nxa3 26. c6 Nb5 27. Red1 Bb4 28. Rd7 a5 (28... Ba5 {might work better.} 29. f4 h6) 29. c7 Nxc7 30. Rcxc7 a4 $2 (30... Rxc7 31. Rxc7 a4) 31. Rxf7 {White is clearly winning.} Rxc7 32. Rxc7 a3 33. Bh3 {Precision: White = 74%, Black = 30%.} 1-0

[Event "7th RTU Open 2017"]
[Site "Riga"]
[Date "2017.08.09"]
[Round "4"]
[White "Thybo, Jesper Sondergaard"]
[Black "Jumabayev, Rinat"]
[Result "1/2-1/2"]
[WhiteElo "2464"]
[BlackElo "2610"]
[Annotator "TA"]
[PlyCount "113"]
[EventDate "2017.??.??"]
[EventType "swiss"]
[EventCountry "LAT"]
[SourceTitle "playchess.com"]
[Source "ChessBase"]
[SourceQuality "1"]

{[%evp 19,113,-4,-14,-2,32,36,43,2,25,14,41,42,143,141,141,131,137,114,112,23,63,51,60,52,69,76,75,41,49,42,41,43,45,0,36,8,73,8,8,8,12,0,0,0,0,0,0,0,0,0,0,0,0,0,6,6,12,0,0,-8,0,0,0,0,0,0,0,0,0,0,0,0,0,0,0,0,0,0,0,0,0,0,0,0,0,0,0,0,0,0,0,0,0,0,0,0]} 1. Nf3 c5 2. c4 Nf6 3. g3 d5 4. cxd5 Nxd5 5. Bg2 Nc6 6. Nc3 Nc7 {[%cal Bd5c7,Bc7e6,Be6d4,Bd4f5][%mdl 32]} 7. Qa4 Bd7 8. Qe4 g6 9. Ne5 Bg7 10. Nxd7 Qxd7 {LiveBook: 94 Games} 11. h4 {[%cal Bh2h4,Bh4h5,Bh5h6][%mdl 32] A34: Symmetrical English: 2 Nc3, lines with ...d5} (11. O-O O-O 12. d3 Rab8 13. Qa4 b5 14. Qd1 Rfd8 15. Be3 Nd4 16. Rc1 Rbc8 17. Ne4 Nce6 18. Bd2 f5 19. Nc3 h6 20. Nd5 {½-½ (67) Nabaty,T (2622)-Baron,T (2557) Jerusalem 2016}) 11... Ne6 $146 ({Predecessor:} 11... h5 12. Qc4 Ne6 13. O-O O-O 14. Rb1 Rab8 15. Bh3 f5 16. Bg2 Kh7 17. d3 Ne5 18. Qd5 Qc8 19. Nb5 a6 20. Na7 Qd7 21. b4 Qxd5 22. Bxd5 Nd4 23. Rb2 Rfd8 24. Bg2 c4 25. a3 cxd3 {0-1 (25) Hillarp Persson,T (2438)-Wedberg,T (2505) Linkoping 2001}) 12. h5 Ned4 13. h6 {White is slightly better.} Bf6 14. e3 Nf5 15. Qd5 c4 (15... Bxc3 $14 16. Qxd7+ Kxd7 17. bxc3 e5) 16. Qxc4 $16 O-O 17. d4 Rac8 {[%cal Rc6d4] and if ...Ncxd4 works, Black does fine.} 18. Qa4 Rfd8 19. d5 (19. Kf1 $16) 19... Ne5 {[#] White must now prevent ...Rxc3!} 20. Qxd7 Nxd7 21. Bd2 Ne5 22. Ne4 Bh8 23. Ke2 Nc4 $1 24. g4 Nfd6 25. Nxd6 exd6 26. Be4 Nxb2 27. Rac1 Nc4 (27... Na4 $11 {remains equal.}) 28. Bd3 (28. Bb4 $16) 28... Nxd2 $11 {The position is equal.} 29. Kxd2 Kf8 30. Rxc8 (30. g5 {feels hotter.} Bb2 31. Rb1 Bc3+ 32. Ke2 Rd7 33. Rhc1) 30... Rxc8 31. Rc1 (31. Rb1 {is interesting.} Bc3+ 32. Ke2 Rc7 33. Rb3 Ba5 34. Rb5) 31... Rxc1 32. Kxc1 {[%mdl 4096] Endgame KB-KB} Bc3 33. f4 Ke7 34. Kc2 Be1 35. Kd1 Bb4 36. Ke2 Ba3 37. g5 Bb2 38. a4 f6 39. f5 fxg5 40. fxg6 hxg6 41. Bxg6 Kf6 42. Bh5 a6 43. Be8 Ke5 44. Kf3 Kxd5 45. Kg4 Ke4 46. Bd7 b6 47. Bc8 a5 48. Kxg5 Kxe3 49. Bb7 Kd4 50. Kf5 Kc5 51. Ke6 Be5 52. Bd5 Bf4 53. h7 Be5 54. Bf3 Kb4 55. Bc6 Kc4 56. Bd5+ Kc5 57. Bf3 {Precision: White = 57%, Black = 68%.} 1/2-1/2

[Event "7th RTU Open 2017"]
[Site "Riga"]
[Date "2017.08.09"]
[Round "4"]
[White "Thorfinnsson, Bragi"]
[Black "Vishnu Prasanna  V"]
[Result "1/2-1/2"]
[WhiteElo "2461"]
[BlackElo "2538"]
[Annotator "TA"]
[PlyCount "78"]
[EventDate "2017.??.??"]
[EventType "swiss"]
[EventCountry "LAT"]
[SourceTitle "playchess.com"]
[Source "ChessBase"]
[SourceQuality "1"]

{[%evp 9,78,-6,15,10,4,-6,0,-8,-7,-14,-16,-10,-20,-16,0,-15,-8,-2,0,0,0,0,0,-19,-20,-16,-23,-24,-21,-14,-23,-20,-20,-20,-25,-20,-15,-23,-25,-16,-11,-32,-8,-8,-2,-8,-12,-10,0,-1,0,0,0,0,0,0,0,0,0,-9,0,0,0,0,0,0,0,0,0,0,0]} 1. d4 Nf6 2. Bf4 e6 3. e3 d5 4. Nc3 Bd6 (4... Bb4 5. Nge2 O-O 6. a3 Bd6 7. Ng3 c5 8. dxc5 Bxc5 9. Bd3 Nc6 10. O-O Bd6 11. Bg5 h6 12. Bxf6 Qxf6 {0-1 (74) Navara,D (2734)-Wojtaszek,R (2734) Berlin 2015}) 5. Nf3 a6 6. Bd3 {D00: 1 d4 d5: Unusual lines} b5 7. a3 Bb7 8. Bg5 $146 ({Predecessor:} 8. O-O Nbd7 9. Re1 O-O 10. Ne2 Qe7 11. Ng3 c5 12. c3 {1-0 (40) Koleva,A (1642)-Stoyanov,G Sofia 2014}) 8... Nbd7 9. e4 dxe4 10. Nxe4 Be7 11. Qe2 Nxe4 12. Bxe4 Bxe4 13. Qxe4 O-O 14. Bxe7 Qxe7 15. O-O c5 16. dxc5 Nxc5 17. Qe2 Na4 18. c3 Rfd8 19. Ne5 {And now Nc6 would win.} Qc7 20. Rfe1 Rd6 21. Rac1 {Threatening c4.} f6 22. Ng4 Qc4 23. Ne3 Qxe2 24. Rxe2 Rad8 25. g3 Nb6 26. Kg2 {The position is equal.} Rc8 27. Rcc2 Kf7 28. h4 (28. Red2 $5 {[%cal Rd2d6]} Rxd2 29. Rxd2 $11) 28... Nc4 29. Nxc4 bxc4 30. Rcd2 Rxd2 31. Rxd2 $11 {[%mdl 4096] Endgame KR-KR} Ke7 32. Kf3 h5 33. Ke3 e5 34. Rd5 Ke6 35. Ra5 Rc6 36. Ke4 f5+ 37. Ke3 Rb6 38. Rc5 Rxb2 39. Rxc4 Rb3 {Precision: White = 69%, Black = 76%.} 1/2-1/2

[Event "7th RTU Open 2017"]
[Site "Riga"]
[Date "2017.08.09"]
[Round "4"]
[White "Yankelevich, Lev"]
[Black "Sulskis, Sarunas"]
[Result "0-1"]
[WhiteElo "2447"]
[BlackElo "2519"]
[Annotator "TA"]
[PlyCount "120"]
[EventDate "2017.??.??"]
[EventType "swiss"]
[EventCountry "LAT"]
[SourceTitle "playchess.com"]
[Source "ChessBase"]
[SourceQuality "1"]

{[%evp 10,120,3,-10,-7,-18,7,2,0,-5,0,-8,17,15,14,-6,6,7,5,-17,-18,-22,-22,-21,-15,-22,-7,-21,-13,-41,-22,-22,-22,-22,-22,-22,-22,-36,-41,-50,-41,-35,-31,-38,-37,-34,-31,-40,-39,-42,-41,-85,-82,-116,-37,-94,-72,-140,-147,-138,-135,-126,-81,-98,-76,-485,-448,-506,-496,-465,-453,-561,-564,-538,-493,-526,-526,-455,-482,-376,-438,-431,-433,-614,-602,-470,-401,-572,-532,-1322,-1173,-12841,-12841,-12841,-12842,-12842,-12843,-12843,-12843,-12844,-12844,-12845,-12845,-29987,-29988,-29988,-29989,-29989,-29990,-29990,-29991,-29994,-29995]} 1. d4 d5 2. Nf3 Bf5 3. Bf4 e6 4. e3 Bd6 5. Bg3 Nf6 6. Bd3 {LiveBook: 6 Games. D02: 1 d4 d5 2 Nf3 sidelines, including 2...Nf6 3 g3 and 2...Nf6 3 Bf4} (6. Nbd2 O-O 7. Be2 c5 8. c3 Nc6 9. Ne5 Bxe5 10. dxe5 Nd7 11. f4 Qb6 12. Qb3 c4 13. Qxb6 axb6 14. e4 dxe4 15. Nxc4 {½-½ (54) Golubov,S (2481)-Morozevich,A (2683) Moscow 2016}) 6... O-O 7. O-O Ne4 8. Bxe4 $146 {The position is equal.} ({Predecessor:} 8. Bxd6 Qxd6 9. Nbd2 Nxd2 10. Qxd2 Bxd3 11. Qxd3 Nd7 12. c4 dxc4 13. Qxc4 c5 14. dxc5 Qxc5 15. Qxc5 Nxc5 {½-½ (30) Brumen,D (2356)-Bontempi,P (2362) Bol 2015}) 8... Bxe4 9. Nc3 Bf5 10. Nh4 c6 11. Nxf5 exf5 12. Qf3 g6 13. Bxd6 Qxd6 14. Qf4 Qxf4 15. exf4 Re8 16. Rfe1 Nd7 17. g3 a5 18. a4 Nf8 19. f3 Rxe1+ 20. Rxe1 $15 {[%mdl 4096] Endgame KRN-KRN} Ne6 21. Rd1 Kf8 22. Kf2 Ke7 23. Ne2 Kd6 24. g4 fxg4 25. fxg4 b5 26. Ra1 b4 27. Rd1 Rc8 28. Kf3 c5 29. dxc5+ Rxc5 30. f5 gxf5 31. gxf5 Ng7 (31... Ng5+ $17 32. Ke3 Rxc2) 32. Nd4 (32. c3 $15) 32... Ke5 $17 33. f6 ({Better is} 33. Rd2) 33... Ne6 ({But not} 33... Kxf6 $6 34. Rd2 $11) 34. Nxe6 Kxe6 {KR-KR} 35. Rd2 Kxf6 36. Ke3 Ke5 37. Kd3 $2 {[%mdl 8192] [#]} (37. Re2 $17 {nothing else works.}) 37... Rc4 $1 $19 38. Rg2 Rd4+ 39. Ke3 Rh4 40. Kd3 Rh3+ 41. Kd2 f5 42. Re2+ Kd4 43. Rf2 Ke4 44. Re2+ Kf4 45. Rf2+ Kg4 46. Rg2+ (46. c3 $142 bxc3+ 47. bxc3) 46... Kf3 47. Re2 f4 {[%cal Bf5f4,Bf4f3,Bf3f2][%mdl 32]} 48. Ke1 (48. c3 {was worth a try.} bxc3+ 49. bxc3) 48... d4 {[%cal Bd5d4,Bd4d3,Bd3d2][%mdl 32]} 49. Kf1 {[#]} b3 $1 {[%mdl 512]} 50. cxb3 d3 51. Rg2 Ke3 52. Ke1 f3 53. Rg7 f2+ 54. Kf1 d2 55. Re7+ Kd3 56. Rd7+ Kc2 {Black mates.} 57. Rc7+ Kxb2 58. Rd7 Kc2 59. Rc7+ Rc3 60. Kxf2 Rxc7 {Precision: White = 31%, Black = 63%.} 0-1

[Event "7th RTU Open 2017"]
[Site "Riga"]
[Date "2017.08.09"]
[Round "4"]
[White "Fruebing, Stefan"]
[Black "Dastan, Muhammed Batuhan"]
[Result "0-1"]
[WhiteElo "2417"]
[BlackElo "2529"]
[Annotator "TA"]
[PlyCount "110"]
[EventDate "2017.??.??"]
[EventType "swiss"]
[EventCountry "LAT"]
[SourceTitle "playchess.com"]
[Source "ChessBase"]
[SourceQuality "1"]

{[%evp 21,109,0,5,8,8,14,7,0,21,18,18,22,51,0,0,0,0,0,11,0,0,0,8,7,7,0,6,5,0,0,8,0,0,0,2,0,0,-20,27,-2,0,0,0,-93,-60,-66,-74,-64,-70,-75,-9,-31,0,0,0,0,0,0,0,-1,0,-27,6,-10,-18,-15,0,0,0,0,0,0,0,0,0,-141,-106,-190,-96,-150,-160,-215,-209,-755,-761,-752,-743,-29998,-649,-29999]} 1. e4 e5 2. Nf3 Nc6 3. Bc4 Bc5 4. O-O Nf6 5. d3 d6 6. c3 a6 7. Bb3 h6 {C54: Giuoco Piano: 4 c3 Nf6, main lines with 5 d4 and 5 d3} 8. Re1 O-O 9. h3 Re8 10. Nbd2 Be6 11. Bxe6 (11. Nf1 Bxb3 12. Qxb3 d5 13. Be3 Bf8 14. Rad1 Na5 15. Qc2 {0-1 (43) So,W (2812)-Carlsen,M (2832) Paris 2017}) 11... Rxe6 {LiveBook: 9 Games} 12. b4 Ba7 13. Qc2 {[#]} d5 $146 ({Predecessor:} 13... Ne7 14. Nf1 Ng6 {½-½ (14) Ganguly,S (2654)-Kasimdzhanov,R (2703) Tashkent 2016}) 14. Nb3 Qd7 15. a4 Rd8 16. b5 Nb8 17. Be3 (17. Bb2 $14) 17... Bxe3 $11 18. Rxe3 {aiming for Nc5.} Qe7 19. c4 {[%cal Bc3c4,Bc4c5][%mdl 32]} c6 20. Ree1 dxe4 21. dxe4 Rc8 {White should prevent ...cxb5.} 22. bxa6 Nxa6 23. c5 $1 Nd7 {[%cal Ra6c5]} 24. Rac1 Ra8 25. Qc3 Nc7 26. Na5 Ra7 27. Red1 Ne8 28. Nd2 Nef6 29. Re1 Qf8 30. Ndb3 Re8 31. Qb4 Rea8 32. Rc4 (32. Nc4 $11 {keeps the balance.}) 32... Qc8 33. Rc2 Qc7 {[%cal Ra7a5]} 34. Nc4 Rxa4 35. Qc3 Re8 ({Better is} 35... Nh7 $17) 36. Kh2 Re6 37. f3 Ra8 38. Rb1 Nh5 39. Rd2 Nf4 40. Rbd1 Nf8 41. Rd6 Rae8 42. Qb2 (42. g3 $5 {[%cal Rg3f4]} Nh5 43. R6d2 $11) 42... R6e7 43. R1d2 N8g6 44. Ne3 Nf8 45. Nc4 h5 46. Qc3 Re6 47. Qb4 Qe7 48. Ne3 {[#]} (48. Nba5 $1 $11) 48... Qg5 $1 $17 49. Nf1 {[#]} (49. Qxb7 $17 {might work better.} Nxh3 50. Nf5) 49... R8e7 (49... Rg6 $1 $19 50. Qxb7 N8e6) 50. Na5 ({White should play} 50. Ne3) 50... Rg6 51. Qb2 (51. Rxg6 $17 {was called for.} N8xg6 52. Nc4) 51... N8e6 $19 52. Nxb7 $2 (52. Nc4 Nxc5 53. Rxg6 Nxg6 54. Nce3) 52... Qh4 53. Nd8 {[#]} Nxh3 $1 {[%cal Bf4h3,Bh3g5,Bg5f3][%mdl 544]} 54. Nxe6 (54. gxh3 Qf4+) 54... Ng5+ 55. Kg1 Nxf3# {Precision: White = 46%, Black = 61%.} 0-1

[Event "7th RTU Open 2017"]
[Site "Riga"]
[Date "2017.08.09"]
[Round "4"]
[White "Bracker, Frank"]
[Black "Vorobiov, Evgeny E"]
[Result "1/2-1/2"]
[WhiteElo "2405"]
[BlackElo "2569"]
[Annotator "TA"]
[PlyCount "77"]
[EventDate "2017.??.??"]
[EventType "swiss"]
[EventCountry "LAT"]
[SourceTitle "playchess.com"]
[Source "ChessBase"]
[SourceQuality "1"]

{[%evp 33,77,36,35,0,0,0,110,9,9,30,8,7,5,14,6,4,3,6,5,12,10,-21,0,0,0,0,0,0,0,0,0,0,0,0,0,-5,0,0,0,0,0,0,0,0,0,0]} 1. e4 c5 2. Nf3 d6 3. d4 cxd4 4. Nxd4 Nf6 5. Nc3 a6 6. Be3 e6 7. f3 b5 {[%cal Bb7b5,Bb5b4][%mdl 32]} 8. Qd2 Nbd7 9. g4 h6 10. O-O-O Bb7 11. h4 b4 12. Na4 Qa5 13. b3 Nc5 14. a3 {B80: Sicilian Scheveningen: 6 g3 and 6 Be3, including English Attack} Nxa4 (14... Rc8 15. Qxb4 Qc7 16. Nxc5 dxc5 17. Qa4+ Nd7 18. Ne2 Bc6 19. Qc4 Ne5 20. Qc3 Nxf3 21. Bf4 e5 22. Qxf3 exf4 23. Qxf4 {1-0 (44) Nakamura,H (2710)-Vachier Lagrave,M (2703) San Sebastian 2009}) 15. axb4 Qc7 16. bxa4 Nd7 17. Nb3 d5 {LiveBook: 6 Games} 18. Na5 (18. exd5 Bxd5 19. Bf4 Qb7 $11) (18. Bf4 $5 {[%cal Rf4c7]} e5 19. Bg3 $11) 18... Rc8 19. c4 {[#] And now c5 would win.} ({Wrong is} 19. exd5 $2 {[#]} Bxb4 $1 {[%mdl 512]} 20. Qd3 Ne5 $19) 19... Nb6 $146 (19... Ba8 $11 {keeps the balance.}) ({Predecessor:} 19... Ba8 20. c5 Nxc5 21. bxc5 Bxc5 22. Bxc5 Qxc5+ {0-1 (32) Draoui,N (2369)-Shchekachev,A (2592) Issy les Moulineaux 2006}) 20. Kb1 ({Inferior is} 20. exd5 Nxd5 21. Nxb7 Bxb4 $15) (20. Bf4 $16 Qd7 21. Kb1) 20... Nxc4 $11 21. Bxc4 dxc4 22. Bb6 {[%cal Be3b6,Bb6c7,Bc7f4][%mdl 32] The position is equal.} c3 23. Bxc7 {[%csl Gd1][%cal Rd2d7] [#]} cxd2 24. Bf4 $1 Ba8 {Threatens to win with ...Rc3.} 25. Bxd2 f5 26. gxf5 exf5 27. Kb2 (27. Rc1 $5 {[%cal Rc1c8]} Rd8 28. Rh2 $14) 27... fxe4 28. fxe4 Be7 {White must now prevent ...0-0.} 29. Rc1 O-O 30. Rxc8 Rxc8 31. Bc3 Rf8 ({But not} 31... Bxe4 $2 32. Re1 $18) 32. Rg1 Rf7 33. b5 axb5 34. axb5 Bxe4 35. b6 Bc5 36. Rg4 Rf2+ 37. Ka1 Rf1+ 38. Kb2 {Hoping for b7.} Rf2+ 39. Ka1 {Precision: White = 65%, Black = 79%.} 1/2-1/2

[Event "7th RTU Open 2017"]
[Site "Riga"]
[Date "2017.08.09"]
[Round "4"]
[White "D`Costa, Lorin A R"]
[Black "Bogner, Sebastian"]
[Result "0-1"]
[WhiteElo "2390"]
[BlackElo "2600"]
[Annotator "TA"]
[PlyCount "112"]
[EventDate "2017.??.??"]
[EventType "swiss"]
[EventCountry "LAT"]
[SourceTitle "playchess.com"]
[Source "ChessBase"]
[SourceQuality "1"]

{[%evp 20,112,-5,-43,-23,-20,-10,-13,0,0,0,0,0,6,6,-2,6,0,-4,-2,8,4,0,-42,-42,-44,-35,-35,-31,-53,-54,-52,-46,-54,-48,-44,-25,-70,-70,-70,-70,-71,0,-41,-41,-44,-43,-43,-43,-119,-36,-45,-42,-69,-69,-66,-29,-102,-93,-98,-16,-15,-14,-6,0,-1,0,0,0,-386,-355,-481,-408,-510,-512,-962,-956,-1014,-958,-29962,-29950,-5518,-1410,-1443,-1379,-5618,-2682,-29972,-29972,-29980,-29977,-29986,-29987,-29987,-29988]} 1. Nf3 d5 2. g3 Nf6 {[%cal Bg8f6,Bf6d7,Bd7b6,Bb6d5][%mdl 32]} 3. Bg2 g6 4. c4 dxc4 5. Qa4+ Nfd7 6. O-O Bg7 7. Nc3 O-O 8. Qxc4 e5 9. d3 Nb6 10. Qb3 Nc6 11. Be3 {LiveBook: 3 Games. A16: English Opening: 1...Nf6 with ...d5} (11. Bg5 Nd4 12. Nxd4 Qxg5 13. Nf3 Qe7 14. Rfc1 Be6 15. Qc2 f5 16. Rab1 a5 17. b3 Rad8 18. Na4 Nxa4 19. bxa4 {1-0 (30) Chadaev,N (2567)-Piasetski,L (2269) Groningen 2009}) 11... Be6 12. Qc2 Nd5 $146 (12... Nd4 $5 {[%cal Rd4c2]} 13. Qc1 c6 $11) ({Predecessor:} 12... Nd4 13. Bxd4 exd4 14. Ne4 Bd5 15. Nc5 Nd7 16. b4 Nxc5 17. Qxc5 c6 18. Rfb1 a5 19. bxa5 Rxa5 {0-1 (37) Hoffman,A (2450)-Medarde Santiago,L (2160) Sanxenxo 2014}) 13. Bg5 {The position is equal.} f6 {Hoping for ...Nxc3.} 14. Bd2 Re8 15. Rfc1 {[%cal Bf1c1,Bc1b1,Bb1b5][%mdl 32]} Bf8 16. a3 Nxc3 17. bxc3 Bc5 18. Rcb1 Rb8 19. a4 a5 20. Rb5 b6 21. Be3 (21. Ne1 $5 {[%cal Rg2c6]} Bd5 22. Bh6 $11) 21... Bxe3 22. fxe3 Ne7 23. e4 Nc8 24. Rf1 Nd6 25. Rbb1 Qe7 26. Nd2 Kg7 27. Rf2 b5 28. d4 Bd7 29. axb5 Nxb5 30. Qd3 Red8 (30... Nd6 $17) 31. e3 a4 32. Rbf1 Rf8 33. c4 Qa3 34. Qc2 {[#]} (34. Qxa3 $15 Nxa3 35. c5) 34... Nc3 ({Worse is} 34... exd4 35. cxb5 dxe3 36. Rf3 $11) ({Black should play} 34... Na7 $1 $17 35. Nf3 Nc6) 35. Qd3 {Threatening dxe5.} Nb1 36. Qe2 Nxd2 $1 37. Qxd2 Be6 38. Qa5 (38. c5 $1 $11) 38... Qxe3 $17 39. Qxc7+ {[#]} Kg8 (39... Kh6 $1 $17 40. d5 Bg4) 40. Qc6 $1 $11 {[%cal Rc6e6]} Bf7 $36 {[%mdl 2048] Black is more active.} 41. dxe5 $1 {Black must now prevent e6.} fxe5 42. Kh1 a3 {Threatens to win with ...Qd4.} 43. Qc7 Be6 (43... Rb1 {is more complex.} 44. Rxf7 Rxf1+ 45. Rxf1 Rxf1+ 46. Bxf1 Qxe4+ 47. Kg1 Qd4+) 44. Qxe5 $2 {[%mdl 8192]} (44. Qd6 $11 {and White has nothing to worry.} Rfe8 45. Rf8+ Rxf8 46. Qxe6+ Kg7 47. Qe7+ Kg8 48. Qe6+ Kh8 49. Qxe5+ Kg8 50. Qe6+ Kh8 51. Qe5+ Kg8 52. Qe6+ Kh8 53. Qe5+) 44... Bxc4 $19 45. Rxf8+ Rxf8 46. Rxf8+ Kxf8 47. Qh8+ (47. h4 $142 a2 48. Qh8+ Bg8 49. Qf6+ Bf7 50. Qh8+ Ke7 51. Qe5+ Kd7 52. Kh2) 47... Ke7 48. Qe5+ Kd7 49. Bh3+ Kc6 50. Qe8+ Kc5 (50... Kb6 $142 51. Qd8+ Kb5 52. Qb8+ Ka5 53. Qd8+ Kb4) 51. Qe7+ Kb6 52. Qd8+ Kb5 {( -> ...Qe1+)} 53. Qb8+ Ka5 {Black mates.} 54. Qc7+ Kb4 55. Qb7+ Kc3 56. Qb1 a2 {Precision: White = 43%, Black = 54%.} 0-1